Biblia Hebraica: (Record no. 2068)
[ view plain ]
| 000 -LEADER | |
|---|---|
| fixed length control field | 00293nam a22001217a 4500 |
| 005 - DATE AND TIME OF LATEST TRANSACTION | |
| control field | 20241211154800.0 |
| 008 - FIXED-LENGTH DATA ELEMENTS--GENERAL INFORMATION | |
| fixed length control field | 241211b |||||||| |||| 00| 0 eng d |
| 020 ## - INTERNATIONAL STANDARD BOOK NUMBER | |
| International Standard Book Number | 9783438052193 |
| 050 ## - LIBRARY OF CONGRESS CALL NUMBER | |
| Classification number | BS 421 BIB |
| Item number | 1 |
| 245 ## - TITLE STATEMENT | |
| Title | Biblia Hebraica: |
| Remainder of title | Stuttgartensia |
| 300 ## - PHYSICAL DESCRIPTION | |
| Extent | xlvi, |
| 942 ## - ADDED ENTRY ELEMENTS (KOHA) | |
| Source of classification or shelving scheme | Library of Congress Classification |
| Koha item type | Books |
| Suppress in OPAC | No |
| 999 ## - | |
| -- | 2068 |
| -- | 2068 |
| Withdrawn status | Lost status | Source of classification or shelving scheme | Damaged status | Not for loan | Collection | Home library | Current library | Shelving location | Date acquired | Total checkouts | Full call number | Barcode | Date last seen | Copy number | Price effective from | Koha item type |
|---|---|---|---|---|---|---|---|---|---|---|---|---|---|---|---|---|
| Library of Congress Classification | Non-fiction | Business Library (Miotso) | Business Library (Miotso) | General stacks | 03/04/2026 | BS421 BIB | BSSM00002353 | 03/04/2026 | 1 | 03/04/2026 | Books | |||||
| Library of Congress Classification | Non-fiction | Business Library (Miotso) | Business Library (Miotso) | General stacks | 03/04/2026 | BS421 BIB | BSSM00002354 | 03/04/2026 | 2 | 03/04/2026 | Books | |||||
| Library of Congress Classification | Non-fiction | Graduate Library (Christ Temple) | Graduate Library (Christ Temple) | Reference | 12/11/2024 | BS 421 BIB | GSCT00000240 | 12/11/2024 | 1 | 12/11/2024 | Books | |||||
| Library of Congress Classification | Reference | Main Library (Kumasi) | Main Library (Kumasi) | General stacks | 04/21/2026 | BS421 BIB | bssk00000071 | 04/21/2026 | 6 | 04/21/2026 | Books | |||||
| Library of Congress Classification | Reference | Undergraduate Library (Christ Temple) | Undergraduate Library (Christ Temple) | General stacks | 08/09/2025 | REF BS421 BIB | ulct00004306 | 08/09/2025 | 1 | 08/09/2025 | Books | |||||
| Library of Congress Classification | Reference | Undergraduate Library (Christ Temple) | Undergraduate Library (Christ Temple) | General stacks | 08/09/2025 | REF BS421 BIB | ulct00004307 | 08/09/2025 | 2 | 08/09/2025 | Books |